Aunque soy pequeño : (Registro nro. 12006)

Detalles MARC
000 -LIDER
fixed length control field 00438nam a22001697a 4500
001 - NÚMERO DE CONTROL
Identificador de número de control 0011792
003 - IDENTIFICACDOR DE NÚMERO DE CONTROL
control field DO-SdBNP
005 - DATE AND TIME OF LATEST TRANSACTION
control field 20180209115849.0
008 - ELEMENTOS DE LONGITUD FIJA
fixed length control field 180209b xxu||||| |||| 00| 0 spa d
020 ## - ISBN
International Standard Book Number 9781581700442
040 ## - FUENTE DE CATALOGACIÓN
Agencia que crea de manera original el registro BPMSU
Idioma de catalogación spa
Agencia que realiza la transcripción BPMSU
100 1# - ASIENTO PRINCIPAL -- NOMBRE PERSONAL
Nombre personal Lashbrook, Marilyn
245 10 - MENCIÓN DE TITULO
Título Aunque soy pequeño :
260 ## - PUBLICACIÓN, DISTRIBUCIÓN, ETC. (PIE DE IMPRENTA)
Lugar de publicación, distribución, etc México :
Nombre del editor, distribuidor, etc. Arco Iris Internacional,
Fecha de publicación, distribución, etc 2000.
942 ## - ADDED ENTRY ELEMENTS (KOHA)
Source of classification or shelving scheme Dewey Decimal Classification
Koha item type Libros
945 ## - INFORMACIÓN DE PROCESAMIENTO LOCAL
Información de procesamiento local inventariado, 2018 / dg
Existencias
Withdrawn status Lost status Source of classification or shelving scheme Damaged status Not for loan Collection code Home library Current library Date acquired Source of acquisition Total Checkouts Barcode Date last seen Price effective from Koha item type Copy number
    Dewey Decimal Classification     Colección Infantil General Biblioteca Pública Metropolitana Salomé Ureña Biblioteca Pública Metropolitana Salomé Ureña 11/18/2016 Sin sellar   BPMSU16111431 11/18/2016 11/18/2016 Libros  
    Dewey Decimal Classification     Colección Infantil General Biblioteca Pública Metropolitana Salomé Ureña Biblioteca Pública Metropolitana Salomé Ureña 11/18/2016 Fundi   BPMSU16111432 11/18/2016 11/18/2016 Libros ej. 2
    Dewey Decimal Classification     Colección Infantil General Biblioteca Pública Metropolitana Salomé Ureña Biblioteca Pública Metropolitana Salomé Ureña 11/18/2016 Sin sellar   BPMSU16111433 11/18/2016 11/18/2016 Libros ej. 3